• AIU
  • Tony Wilmot Memorial Library

Christian beliefs : (Record no. 54601)

MARC details
000 -LEADER
fixed length control field 01417cam a22003614a 4500
001 - CONTROL NUMBER
control field 14006528
003 - CONTROL NUMBER IDENTIFIER
control field OSt
005 - DATE AND TIME OF LATEST TRANSACTION
control field 20170521020005.0
008 - FIXED-LENGTH DATA ELEMENTS--GENERAL INFORMATION
fixed length control field 050617s2005 miu b 001 0 eng
010 ## - LIBRARY OF CONGRESS CONTROL NUMBER
LC control number 2005017563
020 ## - INTERNATIONAL STANDARD BOOK NUMBER
International Standard Book Number 9780310255994
020 ## - INTERNATIONAL STANDARD BOOK NUMBER
International Standard Book Number 0310255996 (pbk.)
040 ## - CATALOGING SOURCE
Original cataloging agency DLC
Transcribing agency DLC
Modifying agency DLC
042 ## - AUTHENTICATION CODE
Authentication code pcc
050 00 - LIBRARY OF CONGRESS CALL NUMBER
Classification number BT77
Item number .G875 2005
082 00 - DEWEY DECIMAL CLASSIFICATION NUMBER
Classification number 230
Edition number 22
100 1# - MAIN ENTRY--PERSONAL NAME
Personal name Grudem, Wayne A.
245 10 - TITLE STATEMENT
Title Christian beliefs :
Remainder of title twenty basics every Christian should know /
Statement of responsibility, etc Wayne A. Grudem ; edited by Elliot Grudem.
260 ## - PUBLICATION, DISTRIBUTION, ETC. (IMPRINT)
Place of publication, distribution, etc Grand Rapids, Mich. :
Name of publisher, distributor, etc Zondervan,
Date of publication, distribution, etc c2005.
300 ## - PHYSICAL DESCRIPTION
Extent 159 p. ;
Dimensions 21 cm.
500 ## - GENERAL NOTE
General note Rev. ed. of: Bible doctrine.
504 ## - BIBLIOGRAPHY, ETC. NOTE
Bibliography, etc Includes bibliographical references (p. 147-156) and index.
630 00 - SUBJECT ADDED ENTRY--UNIFORM TITLE
Uniform title Bible
General subdivision Theology.
650 #0 - SUBJECT ADDED ENTRY--TOPICAL TERM
Topical term or geographic name as entry element Theology, Doctrinal
Form subdivision Popular works.
9 (RLIN) 16089
700 1# - ADDED ENTRY--PERSONAL NAME
Personal name Grudem, Elliot.
9 (RLIN) 16090
700 1# - ADDED ENTRY--PERSONAL NAME
Personal name Grudem, Wayne A.
Title of a work Bible doctrine.
9 (RLIN) 16091
856 41 - ELECTRONIC LOCATION AND ACCESS
Materials specified Table of contents only
Uniform Resource Identifier <a href="http://www.loc.gov/catdir/toc/ecip0514/2005017563.html">http://www.loc.gov/catdir/toc/ecip0514/2005017563.html</a>
856 42 - ELECTRONIC LOCATION AND ACCESS
Materials specified Publisher description
Uniform Resource Identifier <a href="http://www.loc.gov/catdir/enhancements/fy0633/2005017563-d.html">http://www.loc.gov/catdir/enhancements/fy0633/2005017563-d.html</a>
856 41 - ELECTRONIC LOCATION AND ACCESS
Materials specified Sample text
Uniform Resource Identifier <a href="http://www.loc.gov/catdir/enhancements/fy0625/2005017563-s.html">http://www.loc.gov/catdir/enhancements/fy0625/2005017563-s.html</a>
906 ## - LOCAL DATA ELEMENT F, LDF (RLIN)
a 7
b cbc
c orignew
d 1
e ecip
f 20
g y-gencatlg
942 ## - ADDED ENTRY ELEMENTS (KOHA)
Source of classification or shelving scheme Library of Congress Classification
Koha item type Books
Koha issues (borrowed), all copies 6
Holdings
Withdrawn status Lost status Source of classification or shelving scheme Damaged status Not for loan Collection code Home library Current library Shelving location Date acquired Source of acquisition Cost, normal purchase price Total Checkouts Total Renewals Full call number Barcode Date last seen Date checked out Copy number Price effective from Koha item type
    Library of Congress Classification     General Circulation AIU/NEGST - Tony Wilmot Memorial Library AIU/NEGST - Tony Wilmot Memorial Library General Stacks 06/28/2012 Donation - Langham Literature 25.00 17 3 BT 77.G875 2005 R47960N3232 11/03/2023 10/18/2023 1 06/28/2012 Books